Statistics for Country Distances: Countries Within Three Countries Of Egypt

Click here to take the quiz!

General Stats

  • This quiz has been taken 915 times
  • The average score is 26 of 31

Answer Stats

COUNTRY % Correct
Libya
95%
Sudan
95%
Algeria
94%
Tunisia
94%
Chad
94%
South Sudan
94%
Israel
93%
Ethiopia
92%
Saudi Arabia
92%
Eritrea
91%
Jordan
91%
Syria
91%
Niger
90%
Morocco
90%
Lebanon
90%
Mali
88%
Somalia
87%
Iraq
86%
Nigeria
85%
Djibouti
85%
Turkey
85%
Mauritania
81%
Democratic Republic of the Congo
80%
Kenya
80%
Central African Republic
80%
Republic of the Congo
77%
Uganda
75%
Cameroon
71%
Burkina Faso
67%
Benin
58%
Egypt
41%

Score Distribution

Percentile by Number Answered

Percent of People with Each Score

Your Score History

You have not taken this quiz